00333nam a2200121Ia 4500008004100000082002000041100001500061245005100076250000800127260004900135300001000184650001700194150201s2006 xx 000 0 und d a612.015bB2006L aLAL HARBAS 2aA TEXTBOOK OF BIOCHEMISTRY FOR DENTAL STUDENTS a3RD bC.B.S PUBLISHERS & DISTRIBUTERSaDELHIc2006 a1-354 aBIOCHEMISTRY